000 00511nam a2200193Ia 4500
005 20230705095453.0
008 131103s9999 xx 000 0 und d
020 _a192818767
040 _aLoreto College
041 _aEnglish
082 _aF
_bENR
100 _aEnright,D.J
245 _aAcademicYear
_b a novel
_cD.J.Enright,introduction by Anthony Thwaite
260 _aOxford
_bOxford University Press
_c1984
300 _axi,255 p.
650 _aFiction in English
850 _aLCLIB
942 _cBK
999 _c15921
_d66400